000 00289nam a22001337a 4500
008 171020b xxu||||| |||| 00| 0 eng d
020 _a9780878357130
041 _aeng
080 _a338
100 _a54
101 _aMEN
245 _aDATABASE MANAGEMENT
_cAWAD.E..M
942 _2udc
_cBK
999 _c35156
_d35156